Libro de estampas / C. Andersen ; primera versión española por J. C.
Descripción Física:
105 p. ; 18 cm
Otros Autores:
C., J.
MARC
| LEADER | 00000nam a2200000Ia 4500 | ||
|---|---|---|---|
| 001 | 13193 | ||
| 008 | 160829s9999 xx 000 0 cat d | ||
| 080 | |a L-1-358 | ||
| 100 | |a Andersen, Hans Christian |9 28199 | ||
| 245 | |a Libro de estampas / C. Andersen ; primera versión española por J. C. | ||
| 260 | |a Barcelona : |b Durán i C.ª S. en C. , [1906] | ||
| 300 | |a 105 p. ; |c 18 cm | ||
| 700 | |a C., J. |9 28200 | ||
| 901 | |a Arxiu | ||
| 942 | |n 1 | ||
| 952 | |0 0 |1 0 |4 0 |6 L1358 |7 1 |9 44719 |a Arxiu |b Arxiu |d 2016-12-01 |l 0 |o L-1-358 |p 13193 |r 2016-12-01 00:00:00 |w 2016-12-01 |y ARXIU | ||
| 999 | |c 47300 |d 47300 | ||